| 000 | 01518nam a2200265Ia 4500 | ||
|---|---|---|---|
| 999 |
_c56185 _d56185 |
||
| 001 | 23286 | ||
| 003 | GE_BSU | ||
| 005 | 20230518163915.0 | ||
| 008 | 181216s2018ge xx |||||||||||||| ||geo|| | ||
| 020 | _a9789941263163 | ||
| 040 | _cGE_BSU | ||
| 041 | _ageo | ||
| 080 | _a94(479.22)"1918 ო-87 | ||
| 245 |
_aხასან თხილაიშვილი კაცი, რომელიც ლეგენდად იქცა _b1918 წლის 14 ივლისის "რეფერენდუმის" 100 წლისთავის გამო / _cავტ. შემგდ. უჩა ოქროპირიძე, რედ. ა. სონღულაშვილი |
||
| 264 |
_aთბილისი : _bუნივერსალი, _c2018. |
||
| 300 |
_a195 გვ. _bილ. ფ. _c20 სმ. |
||
| 504 | _aბიბლ.გვ.181-183 | ||
| 520 | _aრეზიუმე ტექსტის ბოლოს რუს და ინგლ. ენ. | ||
| 653 | _aისტორია | ||
| 653 | _aქობულეთ-აჭარის თურქული ოკუპაციის პერიოდი | ||
| 653 | _aხასან თხილაიშვილი კაცი, რომელიც ლეგენდად იქცა | ||
| 700 |
_a ოქროპირიძე, უჩა _eავტორ შემდგენელი _918129 |
||
| 700 |
_a სონღულაშვილი, ა _eრედაქტორი _918130 |
||
| 942 |
_cBK _2udc |
||